000 00693nam a2200229 a 4500
001 58732
003 BD-RjUL
005 20211209080643.0
008 161219s1948 ii 000 0 eng
035 _a(BD-RjUL)58856
035 _a(OCoLC)3309624
040 _aDLC
_cNSyU
_dDLC
_beng
041 _aeng
082 _a336.20954
_223
_bGUP 1948
100 1 _aDas Gupta, Binaybhusan,
_d1904-
_9174585
245 1 0 _aProvincial taxation under autonomy /
_cB. Das Gupta
260 _aCalcutta ;
_aNew York :
_bIndian Branch, Oxford University Press,
_c1948
300 _aviii, 486 p. :
_bill. ;
_c22 cm.
650 0 _aTaxation
_zIndia
_xStates.
_9174586
942 _2ddc
_cBK
999 _c58732
_d58732